00428 2200157 4500001002100000005001500021035002000036245008700056100001700143300001200160260004200172082000800214084001400222020002200236990001200258INLIS00000000000178520250506090342 a0010-05250000771 aAku Kalah, Aku Merindukanmu :bUntukmu Yang Tak Pernah Mau Kembali /cCoretan Lena0 aCoretan Lena a164 hlm aYogyakarta :bGradien Mediatam,c2024 a813 a813 COR a a978-602-208-371-9 a0754585